Finančná situácia potravinárskeho priemyslu v Slovenskej republike a vyhodnotenie finančnej pozície vybraného podniku v tomto odvetví

Význam a metódy analýzy finančnej situácie odvetvia. Analýza finančnej situácie potravinárskeho priemyslu v SR. Využitie odvetvovej analýzy na určenie finančnej pozície podniku v odvetví.

Salvato in:
Dettagli Bibliografici
Autore principale: Šnircová, Jana, 1971-
Natura: Capitolo di libro
Lingua:slovacco
Soggetti:
Tags: Aggiungi Tag
Nessun Tag, puoi essere il primo ad aggiungerne!!

MARC

LEADER 00000naa$a2200000$$$4500
001 0042554
005 20240502071516.3
041 0 |a slo 
044 |a SK 
245 1 0 |a Finančná situácia potravinárskeho priemyslu v Slovenskej republike a vyhodnotenie finančnej pozície vybraného podniku v tomto odvetví  |c Jana Šnircová 
520 |a Význam a metódy analýzy finančnej situácie odvetvia. Analýza finančnej situácie potravinárskeho priemyslu v SR. Využitie odvetvovej analýzy na určenie finančnej pozície podniku v odvetví. 
610 2 0 |a Slovensko 
610 2 0 |a analýza finančná 
610 2 0 |a podnik agrochemický 
610 2 0 |a odvetvia činnosti ekonomickej 
610 2 0 |a potravinárstvo 
610 2 0 |a situácia finančná podniku 
100 1 |a Šnircová, Jana, 1971-